LEADER 01026nam a2200241 i 4500 001 000000079211 003 CaOOAMICUS 005 20170331000000.0 008 170331s1850 xx u000 u fre u 013 $a51448 040 $aSeMil$bita 100 1 $aLe Masson, Alexandre.$0(OLS)http://semarc/name/91186 245 10$aHistoire de la campagne de Novare en 1849 /$cpar l'auteur de Custoza [Alexandre Le Masson]. 260 $aTurin :$bChez tous les Libraires,$c1850. 300 $a185 p. ;$c18 cm. 650 4$aGuerre d'indipendenza italiane <1848-1866> - 1. 1848-1849.$0(OLS)http://semarc/subject/44848 650 4$aBattaglia di Novara <1849>.$0(OLS)http://semarc/subject/45218 850 $aSeMil 852 $aSeMil$W1$xVenegono$y1$m3S II 95 FA$j44960$B44960$CSeMilBibl$Z2$F46807 $8I 941 1 $a10 961 $aRecupero: Mantegazza 996 $6245$aHistoire de la campagne de Novare en 1849$9(OLS)http://semarc/title/403213 996 $6260$aTurin :$bChez tous les Libraires$9(OLS)http://semarc/publisher/56428 LEADER 01256nam a2200265 i 4500 001 000000209802 003 CaOOAMICUS 005 20120103000000.0 008 120103s1963 it u000 u fre u 013 $a188593 040 $aSeMil$bita 100 1 $aWilmart, André,$c.$0(OLS)http://semarc/name/16232 245 10$aLettres de jeunesse et lettres d'amitié /$cAndré Wilmart ; editées par Giuseppe De Luca et M. L. Baud. 260 $aRoma :$bEdizioni di Storia e Letteratura,$c1963. 300 $aXXVI, 172 p., [6] c. di tav. + 1 c. di ritratto; 26 cm. 490 0 $aUomini e dottrine ;$v6 500 $aIn appendices : Notes sur la mort de Dom Wilmart. 650 4$aEpistolari.$0(OLS)http://semarc/subject/1376 700 1 $aBaud, Marie Louise.$0(OLS)http://semarc/name/36344 700 1 $aDe Luca, Giuseppe,$c.$0(OLS)http://semarc/name/242 830 0$aUomini e dottrine ;$v6.$0(OLS)http://semarc/title/17157 850 $aSeMil 852 $aSeMil$W1$xVenegono$y1$m3T VI 68$j160253$B160253$CSeMilBibl$Z2$F171277 $81 996 $6245$aLettres de jeunesse et lettres d'amitié$9(OLS)http://semarc/title/303288 996 $6260$aRoma :$bEdizioni di Storia e Letteratura$9(OLS)http://semarc/publisher/29779